| 000 | 02228nam0a2200325 4500 | ||
|---|---|---|---|
| 001 | RU\NLR\bibl\975923 | ||
| 005 | 20260405112254.0 | ||
| 021 |
_aRU _b2006-38033 _91912 |
||
| 035 | _a(NLR Aleph) 000963848 | ||
| 090 |
_a356452 _c356452 |
||
| 100 | _a20060817d2006 |||y0rusy50 ca | ||
| 101 | 0 | _arus | |
| 102 | _aRU | ||
| 105 | _aa ||||||||| | ||
| 200 | 1 |
_aОрганизация и процедуры действий при чрезвычайных и аварийных ситуациях на танкерах _eучебное пособие _e[для курсантов морских учебных заведений по дисциплине "Безопасность плавания"] _fА.В. Артемьев, В.Ф. Чернышев, В.Д. Артемьев _gФедер. гос. образоват. учреждение высш. проф. образования "Морск. гос. акад. им. адмирала Ф.Ф. Ушакова" |
|
| 210 |
_aНовороссийск _cНГМА _d2006 |
||
| 215 |
_a82,[2] с. _cил. _d21 |
||
| 320 | _aБиблиогр.: с. 82 (27 назв.) | ||
| 606 | 1 |
_aНефтеналивные суда _jУчебные издания для высших учебных заведений _xБезопасность плавания _92084145 _3RU\NLR\auth\661260225 |
|
| 606 | 1 |
_aНефтеналивные суда _jУчебные издания для высших учебных заведений _xАварии и происшествия _92401090 _3RU\NLR\auth\661431254 |
|
| 686 | _aО425.144.1-082.03я73-1 | ||
| 700 | 1 |
_4070 _8rus _7ca _aАртемьев _bА. В. _cканд. техн. наук, безопасность плавания _gАндрей Владимирович _3RU\NLR\auth\7743151 _926094 |
|
| 701 | 1 |
_4070 _8rus _7ca _aЧернышев _bВ. Ф. _cпедагог, безопасность плавания _gВалентин Федорович _3RU\NLR\auth\7743130 _926073 |
|
| 701 | 1 |
_4070 _8rus _7ca _aАртемьев _bВ. Д. _cпедагог, безопасность плавания _3RU\NLR\AUTH\7743128 _926071 |
|
| 801 | 0 |
_aRU _bNLR _c20060817 _grcr |
|
| 801 | 1 |
_aRU _bNLR _c20060817 |
|
| 942 | _cBOOK | ||
| 980 | _aNB | ||
| 980 | _aNBR | ||